<?xml version="1.0" encoding="UTF-8"?>
<record
    xmlns:xsi="http://www.w3.org/2001/XMLSchema-instance"
    xsi:schemaLocation="http://www.loc.gov/MARC21/slim http://www.loc.gov/standards/marcxml/schema/MARC21slim.xsd"
    xmlns="http://www.loc.gov/MARC21/slim">

  <leader>02924nam0a2200385   4500</leader>
  <controlfield tag="001">RU\NLR\BIBL_A\012877537</controlfield>
  <controlfield tag="005">20221206170004.0</controlfield>
  <datafield tag="010" ind1=" " ind2=" ">
    <subfield code="a">978-5-907472-60-0</subfield>
    <subfield code="9">1000</subfield>
  </datafield>
  <datafield tag="021" ind1=" " ind2=" ">
    <subfield code="a">RU</subfield>
    <subfield code="b">&#x41A;&#x41D;-&#x41F;-22-044190</subfield>
    <subfield code="9">&#x41A;&#x41D;-&#x41F;-22-3818</subfield>
  </datafield>
  <datafield tag="035" ind1=" " ind2=" ">
    <subfield code="a">(NLR Aleph) 012877537</subfield>
  </datafield>
  <datafield tag="035" ind1=" " ind2=" ">
    <subfield code="a">(RuMoRGB)011135326</subfield>
  </datafield>
  <datafield tag="090" ind1=" " ind2=" ">
    <subfield code="a">12509100</subfield>
    <subfield code="c">12509100</subfield>
  </datafield>
  <datafield tag="100" ind1=" " ind2=" ">
    <subfield code="a">20220830d2022    u  y0rusy50      ca</subfield>
  </datafield>
  <datafield tag="101" ind1="1" ind2=" ">
    <subfield code="a">rus</subfield>
    <subfield code="c">und</subfield>
  </datafield>
  <datafield tag="102" ind1=" " ind2=" ">
    <subfield code="a">RU</subfield>
  </datafield>
  <datafield tag="105" ind1=" " ind2=" ">
    <subfield code="a">a   z   000zy</subfield>
  </datafield>
  <datafield tag="181" ind1=" " ind2="0">
    <subfield code="a">i3</subfield>
    <subfield code="b">axxe  </subfield>
  </datafield>
  <datafield tag="182" ind1=" " ind2="0">
    <subfield code="a">n</subfield>
  </datafield>
  <datafield tag="200" ind1="1" ind2=" ">
    <subfield code="a">&#x410;&#x440;&#x43A;&#x442;&#x438;&#x447;&#x435;&#x441;&#x43A;&#x430;&#x44F; &#x440;&#x43E;&#x434;&#x438;&#x43D;&#x430; &#x432; &#x412;&#x435;&#x434;&#x430;&#x445;</subfield>
    <subfield code="e">[&#x43F;&#x435;&#x440;&#x435;&#x432;&#x43E;&#x434;]</subfield>
    <subfield code="f">&#x422;&#x438;&#x43B;&#x430;&#x43A; &#x411;&#x430;&#x43B; &#x413;&#x430;&#x43D;&#x433;&#x430;&#x434;&#x445;&#x430;&#x440;</subfield>
  </datafield>
  <datafield tag="203" ind1=" " ind2=" ">
    <subfield code="a">&#x422;&#x435;&#x43A;&#x441;&#x442;</subfield>
    <subfield code="b">&#x432;&#x438;&#x437;&#x443;&#x430;&#x43B;&#x44C;&#x43D;&#x44B;&#x439;</subfield>
    <subfield code="c">&#x43D;&#x435;&#x43F;&#x43E;&#x441;&#x440;&#x435;&#x434;&#x441;&#x442;&#x432;&#x435;&#x43D;&#x43D;&#x44B;&#x439;</subfield>
  </datafield>
  <datafield tag="210" ind1=" " ind2=" ">
    <subfield code="a">&#x41C;&#x43E;&#x441;&#x43A;&#x432;&#x430;</subfield>
    <subfield code="c">&#x41A;&#x43E;&#x43D;&#x446;&#x435;&#x43F;&#x442;&#x443;&#x430;&#x43B;</subfield>
    <subfield code="d">2022</subfield>
  </datafield>
  <datafield tag="215" ind1=" " ind2=" ">
    <subfield code="a">369, [13] &#x441;.</subfield>
    <subfield code="c">&#x442;&#x430;&#x431;&#x43B;.</subfield>
    <subfield code="d">22</subfield>
  </datafield>
  <datafield tag="330" ind1=" " ind2=" ">
    <subfield code="a">&#x415;&#x432;&#x440;&#x43E;&#x43F;&#x435;&#x439;&#x441;&#x43A;&#x430;&#x44F; &#x440;&#x430;&#x441;&#x430;, &#x442;&#x430;&#x43A; &#x43D;&#x430;&#x437;&#x44B;&#x432;&#x430;&#x435;&#x43C;&#x44B;&#x435; "&#x430;&#x440;&#x438;&#x439;&#x446;&#x44B;", &#x437;&#x430;&#x440;&#x43E;&#x434;&#x438;&#x43B;&#x430;&#x441;&#x44C; &#x43D;&#x430; &#x41A;&#x440;&#x430;&#x439;&#x43D;&#x435;&#x43C; &#x421;&#x435;&#x432;&#x435;&#x440;&#x435;. &#x41F;&#x43E;&#x434;&#x442;&#x432;&#x435;&#x440;&#x436;&#x434;&#x435;&#x43D;&#x438;&#x44F; &#x44D;&#x442;&#x43E;&#x43C;&#x443; &#x443;&#x436;&#x435; &#x43D;&#x430;&#x448;&#x43B;&#x438; &#x441;&#x43E;&#x432;&#x440;&#x435;&#x43C;&#x435;&#x43D;&#x43D;&#x44B;&#x435; &#x443;&#x447;&#x435;&#x43D;&#x44B;&#x435;, &#x43D;&#x43E; &#x43F;&#x435;&#x440;&#x432;&#x44B;&#x43C; &#x44D;&#x442;&#x443; &#x43C;&#x44B;&#x441;&#x43B;&#x44C; &#x432;&#x44B;&#x441;&#x43A;&#x430;&#x437;&#x430;&#x43B; &#x438;&#x43D;&#x434;&#x438;&#x439;&#x441;&#x43A;&#x438;&#x439; &#x43C;&#x44B;&#x441;&#x43B;&#x438;&#x442;&#x435;&#x43B;&#x44C; &#x411;. &#x413;. &#x422;&#x438;&#x43B;&#x430;&#x43A; &#x435;&#x449;&#x435; &#x43D;&#x430; &#x440;&#x443;&#x431;&#x435;&#x436;&#x435; XIX-XX &#x432;&#x435;&#x43A;&#x43E;&#x432;. &#x412; &#x434;&#x440;&#x435;&#x432;&#x43D;&#x435;&#x439;&#x448;&#x438;&#x445; &#x43F;&#x430;&#x43C;&#x44F;&#x442;&#x43D;&#x438;&#x43A;&#x430;&#x445; &#x438;&#x43D;&#x434;&#x438;&#x439;&#x441;&#x43A;&#x43E;&#x439; &#x43B;&#x438;&#x442;&#x435;&#x440;&#x430;&#x442;&#x443;&#x440;&#x44B;, &#x412;&#x435;&#x434;&#x430;&#x445; &#x438; &#x410;&#x432;&#x435;&#x441;&#x442;&#x435;, &#x43E;&#x43D; &#x43E;&#x431;&#x43D;&#x430;&#x440;&#x443;&#x436;&#x438;&#x43B; &#x442;&#x43E;&#x447;&#x43D;&#x44B;&#x435; &#x43E;&#x43F;&#x438;&#x441;&#x430;&#x43D;&#x438;&#x44F; &#x438;&#x441;&#x442;&#x43E;&#x440;&#x438;&#x447;&#x435;&#x441;&#x43A;&#x438;&#x445;, &#x430;&#x441;&#x442;&#x440;&#x43E;&#x43D;&#x43E;&#x43C;&#x438;&#x447;&#x435;&#x441;&#x43A;&#x438;&#x445;, &#x433;&#x435;&#x43E;&#x433;&#x440;&#x430;&#x444;&#x438;&#x447;&#x435;&#x441;&#x43A;&#x438;&#x445; &#x438; &#x444;&#x438;&#x437;&#x438;&#x447;&#x435;&#x441;&#x43A;&#x438;&#x445; &#x440;&#x435;&#x430;&#x43B;&#x438;&#x439; &#x430;&#x440;&#x43A;&#x442;&#x438;&#x447;&#x435;&#x441;&#x43A;&#x43E;&#x433;&#x43E; &#x440;&#x435;&#x433;&#x438;&#x43E;&#x43D;&#x430;. &#x415;&#x441;&#x43B;&#x438; &#x441;&#x43E;&#x437;&#x434;&#x430;&#x442;&#x435;&#x43B;&#x438; &#x44D;&#x442;&#x438;&#x445; &#x442;&#x435;&#x43A;&#x441;&#x442;&#x43E;&#x432; &#x43D;&#x438;&#x43A;&#x43E;&#x433;&#x434;&#x430; &#x43D;&#x435; &#x431;&#x44B;&#x432;&#x430;&#x43B;&#x438; &#x43D;&#x430; &#x421;&#x435;&#x432;&#x435;&#x440;&#x435;, &#x442;&#x43E; &#x43E;&#x442;&#x43A;&#x443;&#x434;&#x430; &#x43E;&#x43D;&#x438; &#x43C;&#x43E;&#x433;&#x43B;&#x438; &#x437;&#x43D;&#x430;&#x442;&#x44C; &#x43E;&#x431; &#x44D;&#x442;&#x438;&#x445; &#x43E;&#x441;&#x43E;&#x431;&#x435;&#x43D;&#x43D;&#x43E;&#x441;&#x442;&#x44F;&#x445;? &#x423;&#x43D;&#x438;&#x43A;&#x430;&#x43B;&#x44C;&#x43D;&#x43E;&#x435; &#x43E;&#x442;&#x43A;&#x440;&#x44B;&#x442;&#x438;&#x435; &#x422;&#x438;&#x43B;&#x430;&#x43A;&#x430; &#x43E;&#x431;&#x441;&#x443;&#x436;&#x434;&#x430;&#x43B;&#x438; &#x438; &#x444;&#x438;&#x43B;&#x43E;&#x43B;&#x43E;&#x433;&#x438;, &#x438; &#x430;&#x441;&#x442;&#x440;&#x43E;&#x43D;&#x43E;&#x43C;&#x44B;, &#x438; &#x433;&#x435;&#x43E;&#x433;&#x440;&#x430;&#x444;&#x44B;, &#x438; &#x444;&#x438;&#x437;&#x438;&#x43A;&#x438;, &#x438; &#x430;&#x440;&#x445;&#x435;&#x43E;&#x43B;&#x43E;&#x433;&#x438; - &#x43D;&#x43E; &#x438; &#x438;&#x445; &#x432;&#x44B;&#x432;&#x43E;&#x434;&#x44B; &#x43E;&#x43A;&#x430;&#x437;&#x430;&#x43B;&#x438;&#x441;&#x44C; &#x442;&#x430;&#x43A;&#x438;&#x43C;&#x438; &#x436;&#x435;: "&#x430;&#x440;&#x438;&#x439;&#x446;&#x44B;" &#x434;&#x435;&#x439;&#x441;&#x442;&#x432;&#x438;&#x442;&#x435;&#x43B;&#x44C;&#x43D;&#x43E; &#x43F;&#x440;&#x438;&#x448;&#x43B;&#x438; &#x432; &#x415;&#x432;&#x440;&#x43E;&#x43F;&#x443; &#x438;&#x437; &#x417;&#x430;&#x43F;&#x43E;&#x43B;&#x44F;&#x440;&#x44C;&#x44F;. &#x41E;&#x442;&#x43A;&#x440;&#x44B;&#x442;&#x438;&#x435; &#x422;&#x438;&#x43B;&#x430;&#x43A;&#x430; &#x441;&#x44B;&#x433;&#x440;&#x430;&#x43B;&#x43E; &#x43E;&#x433;&#x440;&#x43E;&#x43C;&#x43D;&#x443;&#x44E; &#x440;&#x43E;&#x43B;&#x44C; &#x432; &#x43F;&#x43E;&#x43D;&#x438;&#x43C;&#x430;&#x43D;&#x438;&#x438; &#x438;&#x441;&#x442;&#x43E;&#x43A;&#x43E;&#x432; &#x43D;&#x430;&#x448;&#x435;&#x439; &#x440;&#x430;&#x441;&#x44B;, &#x438; &#x443; &#x432;&#x430;&#x441; &#x435;&#x441;&#x442;&#x44C; &#x443;&#x43D;&#x438;&#x43A;&#x430;&#x43B;&#x44C;&#x43D;&#x44B;&#x439; &#x448;&#x430;&#x43D;&#x441; &#x43F;&#x43E;&#x437;&#x43D;&#x430;&#x43A;&#x43E;&#x43C;&#x438;&#x442;&#x44C;&#x441;&#x44F; &#x441; &#x44D;&#x442;&#x438;&#x43C; &#x438;&#x441;&#x441;&#x43B;&#x435;&#x434;&#x43E;&#x432;&#x430;&#x43D;&#x438;&#x435;&#x43C; &#x43B;&#x438;&#x447;&#x43D;&#x43E;</subfield>
  </datafield>
  <datafield tag="333" ind1=" " ind2=" ">
    <subfield code="a">16+</subfield>
  </datafield>
  <datafield tag="605" ind1=" " ind2=" ">
    <subfield code="a">&#x412;&#x435;&#x434;&#x44B;</subfield>
    <subfield code="x">&#x418;&#x441;&#x441;&#x43B;&#x435;&#x434;&#x43E;&#x432;&#x430;&#x43D;&#x438;&#x435; &#x442;&#x435;&#x43A;&#x441;&#x442;&#x430;</subfield>
    <subfield code="x">&#x41E;&#x440;&#x438;&#x433;&#x438;&#x43D;&#x430;&#x43B;&#x44C;&#x43D;&#x44B;&#x435; &#x442;&#x435;&#x43E;&#x440;&#x438;&#x438;</subfield>
    <subfield code="2">nlr_sh2</subfield>
    <subfield code="3">RU\NLR\AUTH\6601712593</subfield>
  </datafield>
  <datafield tag="606" ind1="1" ind2=" ">
    <subfield code="a">&#x410;&#x440;&#x438;&#x438; (&#x44D;&#x442;&#x43D;&#x43E;&#x433;&#x440;.)</subfield>
    <subfield code="x">&#x418;&#x441;&#x442;&#x43E;&#x440;&#x438;&#x44F;</subfield>
    <subfield code="x">&#x41E;&#x440;&#x438;&#x433;&#x438;&#x43D;&#x430;&#x43B;&#x44C;&#x43D;&#x44B;&#x435; &#x442;&#x435;&#x43E;&#x440;&#x438;&#x438;</subfield>
    <subfield code="2">nlr_sh1</subfield>
    <subfield code="2">nlr_sh2</subfield>
    <subfield code="3">RU\NLR\AUTH\661326299</subfield>
  </datafield>
  <datafield tag="675" ind1=" " ind2=" ">
    <subfield code="a">94(98)"652"</subfield>
    <subfield code="v">4</subfield>
  </datafield>
  <datafield tag="686" ind1="1" ind2=" ">
    <subfield code="a">&#x422;3(9=)0,02</subfield>
  </datafield>
  <datafield tag="686" ind1="2" ind2=" ">
    <subfield code="a">&#x42D;331-21</subfield>
  </datafield>
  <datafield tag="700" ind1=" " ind2="1">
    <subfield code="a">&#x422;&#x438;&#x43B;&#x430;&#x43A;</subfield>
    <subfield code="b">&#x411;. &#x413;.</subfield>
    <subfield code="f">1856-1920</subfield>
    <subfield code="g">&#x411;&#x430;&#x43B; &#x413;&#x430;&#x43D;&#x433;&#x430;&#x434;&#x445;&#x430;&#x440;</subfield>
  </datafield>
  <datafield tag="942" ind1=" " ind2=" ">
    <subfield code="c">BOOK</subfield>
  </datafield>
  <datafield tag="980" ind1=" " ind2=" ">
    <subfield code="a">NB</subfield>
  </datafield>
  <datafield tag="995" ind1=" " ind2=" ">
    <subfield code="5">2022-08-30</subfield>
    <subfield code="a">ad</subfield>
    <subfield code="b">NLR01</subfield>
    <subfield code="c">NLR01</subfield>
    <subfield code="e">RF81</subfield>
    <subfield code="f">1-3958857</subfield>
    <subfield code="k">2022-5/8640</subfield>
    <subfield code="o">0</subfield>
    <subfield code="r">BOOK</subfield>
    <subfield code="s">202258640_</subfield>
  </datafield>
  <datafield tag="995" ind1=" " ind2=" ">
    <subfield code="5">2022-08-30</subfield>
    <subfield code="a">ad</subfield>
    <subfield code="b">NLR01</subfield>
    <subfield code="c">NLR01</subfield>
    <subfield code="e">RF81</subfield>
    <subfield code="f">1-3958861</subfield>
    <subfield code="k">2022-5/8640</subfield>
    <subfield code="o">0</subfield>
    <subfield code="r">BOOK</subfield>
    <subfield code="s">202258640_</subfield>
  </datafield>
</record>
